La Cena de las Cenizas / (Record no. 164350)

MARC details
000 -LEADER
fixed length control field 00699nam a22001937a 4500
005 - DATE AND TIME OF LATEST TRANSACTION
control field 20220923132524.0
008 - FIXED-LENGTH DATA ELEMENTS--GENERAL INFORMATION
fixed length control field 220923b mx ||||| |||| 00| 0 spa d
050 04 - LIBRARY OF CONGRESS CALL NUMBER
Classification number B783
Item number B78 1972
100 1# - MAIN ENTRY--PERSONAL NAME
Personal name Bruno, Giordano
245 ## - TITLE STATEMENT
Title La Cena de las Cenizas /
Statement of responsibility, etc Giordano Bruno. ; Introducción y traduccion Ernesto Schettino M.
250 ## - EDITION STATEMENT
Edition statement 1a edición
260 ## - PUBLICATION, DISTRIBUTION, ETC. (IMPRINT)
Place of publication, distribution, etc México ;
Name of publisher, distributor, etc Universidad Nacional Autónoma de México,
Date of publication, distribution, etc 1972
300 ## - PHYSICAL DESCRIPTION
Extent 227 p. ;
Dimensions 17 cm.
440 ## - SERIES STATEMENT/ADDED ENTRY--TITLE
Title Facultad de filosofía y letras ;
Number of part/section of a work No. 74
600 ## - SUBJECT ADDED ENTRY--PERSONAL NAME
Personal name Bruno Giordano
Dates associated with a name (1548-1600) despues de cristo.
650 ## - SUBJECT ADDED ENTRY--TOPICAL TERM
Topical term or geographic name as entry element Filosofía
General subdivision Renacimiento
700 1# - ADDED ENTRY--PERSONAL NAME
Personal name Schettino M., Ernesto
Relator term intro.
-- tr.
942 ## - ADDED ENTRY ELEMENTS (KOHA)
Source of classification or shelving scheme Clasificación Decimal Dewey
Koha item type Libro
Holdings
Estado de pérdida Fuente de clasificación Estado del daño No para préstamo Ubicación permanente Ubicación actual Apartado o colección Fecha de adquisición Edición Área del conocimiento Total Checkouts Clasificación Código de Barras Date last seen Número de copia Costo por reposición Tipo de recurso
  Biblioteca del Cogreso de los Estados Unidos   Consulta Biblioteca de la Facultad de Filosofía Biblioteca de la Facultad de Filosofía Fondo "Luis Villoro" 23/09/2022 1a ed. Educación y Humanidades   B783 B78 1972 BFF000037916 23/09/2022 C.1 1.00 Libro